ბათუმის შოთა რუსთაველის სახელმწიფო უნივერსიტეტის ბიბლიოთეკა

შრომადღეები. (ბიბ.ჩანაწერი № 43942)

000 -LEADER
fixed length control field 00841nam a2200241Ia 4500
001 - CONTROL NUMBER
control field 10691
003 - CONTROL NUMBER IDENTIFIER
control field GE_BSU
008 - FIXED-LENGTH DATA ELEMENTS--GENERAL INFORMATION
fixed length control field 181216s||||||||xx |||||||||||||| ||und||
040 ## - CATALOGING SOURCE
Transcribing agency GE_BSU
080 ## - UNIVERSAL DECIMAL CLASSIFICATION NUMBER
Universal Decimal Classification number 821.353.1–11
100 ## - MAIN ENTRY--PERSONAL NAME
Personal name ფხაკაძე,ნიკოლოზ.
245 ## - TITLE STATEMENT
Title შრომადღეები.
245 ## - TITLE STATEMENT
Remainder of title პოემა.
245 ## - TITLE STATEMENT
Statement of responsibility, etc. მ.ტოროშელიძის რედაქციით და წინასიტყვაობით.
260 ## - PUBLICATION, DISTRIBUTION, ETC.
Place of publication, distribution, etc. ტბილისი.
260 ## - PUBLICATION, DISTRIBUTION, ETC.
Name of publisher, distributor, etc. სახელგამი.
260 ## - PUBLICATION, DISTRIBUTION, ETC.
Date of publication, distribution, etc. 1935.
300 ## - PHYSICAL DESCRIPTION
Extent 314გვ,18სმ.
300 ## - PHYSICAL DESCRIPTION
Accompanying material ავტ.პორტრ;დამატ.თავფურც.
520 ## - SUMMARY, ETC.
Summary, etc. სათაური,რუსულ ენაზე.
653 ## - INDEX TERM--UNCONTROLLED
Uncontrolled term შრომადღეები.
942 ## - ADDED ENTRY ELEMENTS (KOHA)
Koha item type წიგნი
ეგზემპლარები
Withdrawn status Lost status Damaged status Not for loan Date acquired Barcode Date last seen Price effective from Koha item type
        2018-12-17 34973 2018-12-17 2018-12-17 წიგნი